[Event "27. ekipno prvenstvo RH zene"]
[Site "Biograd na Moru"]
[Date "2018.09.13"]
[Round "7.52"]
[White "Medic, Mirjana"]
[Black "Blazeka, Mihaela"]
[Result "1-0"]
[WhiteElo "2167"]
[BlackElo "2048"]
[PlyCount "93"]
[EventDate "2018.09.08"]
[EventCountry "CRO"]

1. d4 Nf6 2. c4 e6 3. Nc3 Bb4 4. e3 b6 5. Bd3 O-O 6. Nf3 d5 7. O-O Bb7 8. a3
Bd6 9. b3 c5 10. Bb2 Nbd7 11. cxd5 exd5 12. dxc5 bxc5 13. Rc1 Rc8 14. Bf5 Bc6
15. Qd3 Rb8 16. Nd2 Qc7 17. h3 Ne5 18. Qc2 Qb7 19. Ba1 g6 20. f4 Ned7 21. Bxd7
Nxd7 22. Rce1 f5 23. Na4 Be7 24. Rc1 Bxa4 25. bxa4 Bf6 26. Bxf6 Rxf6 27. Qd3
Qc6 28. Nf3 Rd6 29. Qc2 Re8 30. Rfe1 Re4 31. Nd4 Qb7 32. Rb1 Qa6 33. Nb5 Rc6
34. Nc3 Rc4 35. Qd2 d4 36. exd4 Rxd4 37. Qe3 Rc8 38. Nb5 Re4 39. Qd3 Qe6 40.
Red1 Rd8 41. Qc3 Rb8 42. Qa5 a6 43. Qc7 axb5 44. Rxd7 Re8 45. Rg7+ Kf8 46. Rxh7
Qg8 47. Qxc5+ 1-0

[Event "27. ekipno prvenstvo RH zene"]
[Site "Biograd na Moru"]
[Date "2018.09.13"]
[Round "7.53"]
[White "Ljikar, Tamara"]
[Black "Roklicer, Heike"]
[Result "1/2-1/2"]
[WhiteElo "1920"]
[BlackElo "2042"]
[PlyCount "54"]
[EventDate "2018.09.08"]
[EventCountry "CRO"]

1. e4 c6 2. d4 d5 3. exd5 cxd5 4. Bd3 Nc6 5. c3 Nf6 6. Bf4 g6 7. Nf3 Bg7 8.
Nbd2 O-O 9. O-O Nh5 10. Be3 f5 11. Nb3 f4 12. Bd2 Bg4 13. Re1 Qd6 14. Be2 b6
15. Nc1 Nf6 16. Nd3 Ne4 17. Nfe5 Bxe2 18. Rxe2 g5 19. Nxc6 Qxc6 20. f3 Nxd2 21.
Qxd2 Rae8 22. Rae1 e6 23. Ne5 Qd6 24. Qd3 Re7 25. Qb5 Rc7 26. Ng4 Re7 27. Ne5
Rc7 1/2-1/2

[Event "27. ekipno prvenstvo RH zene"]
[Site "Biograd na Moru"]
[Date "2018.09.13"]
[Round "7.54"]
[White "Smetisko, Marija"]
[Black "Blazeka, Ivana"]
[Result "1/2-1/2"]
[WhiteElo "1900"]
[BlackElo "1610"]
[PlyCount "62"]
[EventDate "2018.09.08"]
[EventCountry "CRO"]

1. e4 e5 2. Nf3 Nc6 3. Bc4 Bc5 4. c3 Nf6 5. d3 d6 6. Nbd2 a6 7. Nf1 h6 8. Ng3
Ba7 9. Bb3 Na5 10. Bc2 c5 11. Qe2 O-O 12. O-O b5 13. Nh4 Nc6 14. Nhf5 Bxf5 15.
Nxf5 Ne7 16. f4 Nxf5 17. exf5 Re8 18. Kh1 exf4 19. Qf3 d5 20. Bxf4 Bb8 21. Be3
Qd6 22. Bg1 Ra7 23. Qf2 Rc7 24. h3 Rcc8 25. Qf3 c4 26. d4 Re7 27. Rae1 Rce8 28.
Rxe7 Rxe7 29. a3 Bc7 30. Bb1 Bb8 31. Bc2 Bc7 1/2-1/2

[Event "27. ekipno prvenstvo RH zene"]
[Site "Biograd na Moru"]
[Date "2018.09.14"]
[Round "8.13"]
[White "Kuhar, Larisa"]
[Black "Roklicer, Heike"]
[Result "1/2-1/2"]
[WhiteElo "1912"]
[BlackElo "2042"]
[PlyCount "130"]
[EventDate "2018.09.08"]
[EventCountry "CRO"]

1. e4 c6 2. d4 d5 3. Nc3 dxe4 4. Nxe4 Nf6 5. Nxf6+ gxf6 6. c3 Bf5 7. Nf3 e6 8.
g3 Qb6 9. Bg2 Qa6 10. Bf1 Qa5 11. Qe2 Qd5 12. Bg2 Qe4 13. Be3 Qd3 14. Nh4 Qxe2+
15. Kxe2 Bg6 16. Nxg6 fxg6 17. Rhe1 Bd6 18. Kd3 Na6 19. Bh6 Kf7 20. h4 Rad8 21.
Bh3 Rhe8 22. Kc2 Nc7 23. Re2 c5 24. dxc5 Bxc5 25. Rae1 Re7 26. a3 a5 27. b4
axb4 28. axb4 Ba7 29. Kb3 Ree8 30. Bg2 Rb8 31. Ra2 Bb6 32. Rd1 Ke7 33. c4 Na8
34. c5 Bc7 35. Ra7 Red8 36. Rxd8 Kxd8 37. Bxb7 Nb6 38. cxb6 Bxb6 39. Ra8 Rxa8
40. Bxa8 Bxf2 41. g4 Bxh4 42. Be3 Bg3 43. b5 Bb8 44. Kc4 h5 45. gxh5 gxh5 46.
Bf3 h4 47. b6 h3 48. Kc5 Kd7 49. Bc6+ Kd8 50. Kb5 h2 51. Bc5 f5 52. Bf8 e5 53.
Bh1 Kd7 54. Kc5 e4 55. Kd5 Bg3 56. Bc5 Bb8 57. Bd4 Bg3 58. Kc5 Bb8 59. Kb5 Kd6
60. Kc4 Kc6 61. Bf2 Be5 62. Bc5 Bb8 63. Be3 Be5 64. Bf2 Bb8 65. Bd4 Bg3 1/2-1/2

[Event "27. ekipno prvenstvo RH zene"]
[Site "Biograd na Moru"]
[Date "2018.09.14"]
[Round "8.34"]
[White "Tomulic, Vesna"]
[Black "Lijic, Kristina"]
[Result "1/2-1/2"]
[WhiteElo "1837"]
[BlackElo "1715"]
[PlyCount "93"]
[EventDate "2018.09.08"]
[EventCountry "CRO"]
[WhiteTeam "ŠK "]
[BlackTeam "ŠK "]

1. e4 c5 2. Nf3 d6 3. Bc4 Nc6 4. d4 cxd4 5. Nxd4 Nf6 6. Nc3 g6 7. Nxc6 bxc6 8.
e5 Ng8 9. Qf3 e6 10. Qxc6+ Bd7 11. Qf3 dxe5 12. O-O Rb8 13. Ne4 Qc7 14. Bb3 Be7
15. Ng5 Nf6 16. Re1 Qa5 17. Be3 O-O 18. Rad1 Rfc8 19. Bd2 Qc7 20. Bc3 Rb5 21.
a4 Bc6 22. Qh3 Rxb3 23. cxb3 h5 24. Bxe5 Qb7 25. Nxf7 Kxf7 26. Bxf6 Bxf6 27.
Qxe6+ Kg7 28. Rd6 Bxb2 29. Qxg6+ Kf8 30. Qf5+ Kg8 31. Rg6+ Bg7 32. Qg5 Qd7 33.
h3 Rc7 34. Rge6 Qd4 35. Rc1 Qd7 36. Qf5 Rc8 37. Rce1 Rf8 38. Qxh5 Qd2 39. Qe2
Qd5 40. Rg6 Rf6 41. Qg4 Rxg6 42. Qxg6 Qd2 43. Qe6+ Kh8 44. Qc8+ Kh7 45. Qf5+
Kg8 46. Qc8+ Kh7 47. Qf5+ 1/2-1/2

[Event "27. ekipno prvenstvo RH zene"]
[Site "Biograd na Moru"]
[Date "2018.09.14"]
[Round "8.41"]
[White "Janzelj, Lara"]
[Black "Videnova, Iva"]
[Result "1-0"]
[WhiteElo "2254"]
[BlackElo "2336"]
[PlyCount "143"]
[EventDate "2018.09.08"]
[EventCountry "CRO"]

1. d4 Nf6 2. Nc3 d5 3. Bf4 g6 4. Qd2 Bg7 5. Bh6 Bxh6 6. Qxh6 c5 7. dxc5 Qa5 8.
O-O-O Qxc5 9. Nf3 Nc6 10. Qd2 Qxf2 11. Nxd5 Nxd5 12. Qxd5 Be6 13. Qg5 h6 14.
Qf4 Qc5 15. a3 Rc8 16. Rd2 g5 17. Qe4 b6 18. Nd4 Qc4 19. e3 Qa2 20. c3 Bd5 21.
Qf5 e6 22. Qf6 O-O 23. Bd3 Nxd4 24. exd4 Rc7 25. Bb1 Qa1 26. Qxh6 f6 27. Re1
Bb3 28. Re3 Ba2 29. Qg6+ Rg7 30. Qc2 Rc8 31. Rf2 f5 32. Rf1 Rd7 33. Rd1 b5 34.
Rg3 g4 35. h3 Rg7 36. Kd2 Bd5 37. hxg4 b4 38. axb4 Qa6 39. Qd3 Qd6 40. Re1 Rf8
41. Re5 Be4 42. Rxe4 fxe4 43. Qe3 Rf4 44. Rh3 e5 45. Ba2+ Kf8 46. g3 Rfxg4 47.
Qf2+ Ke7 48. Rh8 e3+ 49. Qxe3 Rxg3 50. Qxe5+ Qxe5 51. dxe5 Rg2+ 52. Kd3 Rxb2
53. Bd5 Rg3+ 54. Kc4 Rc2 55. Rh7+ Kf8 56. Kc5 Rgxc3+ 57. Kd6 Ra3 58. b5 Rd2 59.
Rf7+ Ke8 60. Rg7 Rxd5+ 61. Kxd5 Kd8 62. Ke6 Ra1 63. Rd7+ Ke8 64. Rh7 Kf8 65.
Rc7 Rb1 66. Rb7 Ra1 67. Rb8+ Kg7 68. Ke7 Rb1 69. Rb7 Kg8 70. e6 Rb2 71. Ke8 Rb1
72. e7 1-0

[Event "27. ekipno prvenstvo RH zene"]
[Site "Biograd na Moru"]
[Date "2018.09.14"]
[Round "8.42"]
[White "Ivekovic, Tihana"]
[Black "Kruljac, Petra"]
[Result "1-0"]
[WhiteElo "2114"]
[BlackElo "2069"]
[PlyCount "75"]
[EventDate "2018.09.08"]
[EventCountry "CRO"]
[WhiteTeam "ŠK "]
[BlackTeam "ŠŠK "]

1. d4 b6 2. Nf3 Bb7 3. c4 e6 4. g3 f5 5. Bg2 Nf6 6. O-O Bd6 7. d5 O-O 8. Nd4
Qe7 9. Nc3 c6 10. dxe6 dxe6 11. Qa4 Rc8 12. Qc2 Be5 13. Nf3 Bxc3 14. Qxc3 Ne4
15. Qc2 Nd7 16. Nd2 Nd6 17. e4 Rf8 18. b3 f4 19. Bb2 e5 20. Bh3 Nf6 21. gxf4
Nh5 22. fxe5 Nf4 23. exd6 Nxh3+ 24. Kh1 Qxd6 25. Qc3 Qh6 26. Qg3 Rf7 27. Bc3
Raf8 28. f3 Bc8 29. Rae1 Rd8 30. e5 Rd3 31. Ne4 Bf5 32. Nf6+ Kf8 33. e6 gxf6
34. exf7 Kxf7 35. Qc7+ Rd7 36. Qc8 Qf4 37. Qe8+ Kg7 38. Re7+ 1-0

[Event "27. ekipno prvenstvo RH zene"]
[Site "Biograd na Moru"]
[Date "2018.09.14"]
[Round "8.43"]
[White "Muha, Magdalena"]
[Black "Cvitan, Ena"]
[Result "1/2-1/2"]
[WhiteElo "1839"]
[BlackElo "2009"]
[PlyCount "76"]
[EventDate "2018.09.08"]
[EventCountry "CRO"]

1. d4 d5 2. c4 e6 3. Nc3 Be7 4. Nf3 Nf6 5. Bf4 O-O 6. e3 c5 7. Be2 cxd4 8. Nxd4
Nbd7 9. Nf3 Nb6 10. Nd2 Bd7 11. O-O Rc8 12. cxd5 Nbxd5 13. Be5 Nxc3 14. Bxc3
Bc6 15. Rc1 Nd5 16. Bd4 Nf4 17. Bf3 Nd3 18. Rc3 Nxb2 19. Qb3 Na4 20. Rxc6 bxc6
21. Qxa4 c5 22. Bc3 Bf6 23. Ba5 Qe7 24. Ne4 Be5 25. Rc1 f5 26. Nd2 Bc7 27. Bc3
Rfd8 28. Nc4 e5 29. Na5 Qe6 30. Nb7 Re8 31. Nxc5 Qh6 32. Bd5+ Kh8 33. Qxa7 Bb6
34. Qd7 Bxc5 35. Bxe5 Rcd8 36. Qxg7+ Qxg7 37. Bxg7+ Kxg7 38. Rxc5 f4 1/2-1/2

[Event "27. ekipno prvenstvo RH zene"]
[Site "Biograd na Moru"]
[Date "2018.09.14"]
[Round "8.44"]
[White "Vujnovic, Patricija"]
[Black "Koksa, Jelena"]
[Result "1-0"]
[WhiteElo "2056"]
[BlackElo "1764"]
[PlyCount "83"]
[EventDate "2018.09.08"]
[EventCountry "CRO"]
[WhiteTeam "ŠK "]
[BlackTeam "ŠŠK "]

1. d4 d5 2. Bf4 Nf6 3. e3 Bf5 4. c4 e6 5. Nc3 c6 6. Qb3 Qb6 7. c5 Qxb3 8. axb3
Nbd7 9. b4 Nh5 10. Bc7 Be7 11. b5 Bd8 12. Bd6 Be7 13. Bc7 Bd8 14. Bxd8 Kxd8 15.
Be2 Nhf6 16. Nf3 Ne4 17. O-O Ke7 18. Ra3 Nxc3 19. bxc3 cxb5 20. Bxb5 a6 21.
Bxd7 Kxd7 22. Ne5+ Ke7 23. Rb3 Rab8 24. c6 b5 25. Ra3 Rb6 26. Rfa1 f6 27. Nd7
Rxc6 28. Nc5 Ra8 29. Ra5 Rb6 30. Nxa6 Bc2 31. Nc5 Rxa5 32. Rxa5 b4 33. Ra7+ Ke8
34. cxb4 Rxb4 35. h3 e5 36. Ne6 Rb1+ 37. Kh2 Be4 38. Nxg7+ Kf8 39. Ne6+ Kg8 40.
Rg7+ Kh8 41. Rf7 Kg8 42. Rf8# 1-0

[Event "27. ekipno prvenstvo RH zene"]
[Site "Biograd na Moru"]
[Date "2018.09.14"]
[Round "8.51"]
[White "Nikolova, Adriana"]
[Black "Lakos, Nikoletta"]
[Result "1/2-1/2"]
[WhiteElo "2281"]
[BlackElo "2258"]
[PlyCount "42"]
[EventDate "2018.09.08"]
[EventCountry "CRO"]

1. e4 d6 2. d4 Nf6 3. Nc3 Nbd7 4. Nf3 e5 5. Bc4 Be7 6. O-O O-O 7. Re1 a6 8. a4
b6 9. Ba2 Bb7 10. h3 b5 11. dxe5 dxe5 12. Nd5 Nxd5 13. Bxd5 c6 14. Bb3 Qc7 15.
c3 Nc5 16. Bc2 Rfd8 17. Qe2 bxa4 18. Be3 a5 19. Bxc5 Bxc5 20. Bd3 a3 21. bxa3
a4 1/2-1/2

[Event "27. ekipno prvenstvo RH zene"]
[Site "Biograd na Moru"]
[Date "2018.09.14"]
[Round "8.52"]
[White "Stadler, Brigita"]
[Black "Berke, Ana"]
[Result "1/2-1/2"]
[WhiteElo "2067"]
[BlackElo "2170"]
[PlyCount "63"]
[EventDate "2018.09.08"]
[EventCountry "CRO"]
[WhiteTeam "ŠK "]
[BlackTeam "ŠK "]

1. e4 c5 2. Nc3 Nc6 3. f4 g6 4. Nf3 Bg7 5. g3 d6 6. Bg2 e6 7. d3 Nge7 8. O-O
O-O 9. Be3 b6 10. Qd2 Nd4 11. Nd1 Bb7 12. c3 Nxf3+ 13. Bxf3 d5 14. e5 Ba6 15.
Bf2 Rc8 16. g4 d4 17. c4 Qc7 18. Bg3 Bb7 19. Qg2 Bxf3 20. Qxf3 Qc6 21. Qe2 b5
22. b3 a5 23. Nf2 a4 24. Bh4 Rc7 25. Ne4 bxc4 26. bxc4 Rb8 27. Qg2 Kh8 28. Qh3
Ng8 29. Rab1 Rxb1 30. Rxb1 Rb7 31. Qf1 Bf8 32. Qc1 1/2-1/2

[Event "27. ekipno prvenstvo RH zene"]
[Site "Biograd na Moru"]
[Date "2018.09.14"]
[Round "8.53"]
[White "Bogdanic, Katarina"]
[Black "Sambolec, Andreja"]
[Result "0-1"]
[WhiteElo "1921"]
[BlackElo "1864"]
[PlyCount "120"]
[EventDate "2018.09.08"]
[EventCountry "CRO"]

1. c4 f5 2. Nf3 Nf6 3. g3 g6 4. Bg2 Bg7 5. O-O O-O 6. d3 d6 7. Nc3 Nbd7 8. Rb1
a5 9. a3 e5 10. b4 c6 11. Qb3 Kh8 12. bxa5 Rxa5 13. Na4 b5 14. Nc3 Nc5 15. Qb4
bxc4 16. dxc4 Rf7 17. Qb6 Qxb6 18. Rxb6 Ra6 19. Rxa6 Bxa6 20. Rd1 Rd7 21. Ng5
e4 22. Rxd6 Rxd6 23. Nf7+ Kg8 24. Nxd6 Nfd7 25. Nd1 Be5 26. Bf4 Kf8 27. Ne3
Bxf4 28. gxf4 Ke7 29. Ndxf5+ gxf5 30. Nxf5+ Ke6 31. Nd4+ Kd6 32. f3 Ne6 33.
Nxe6 Kxe6 34. fxe4 Bxc4 35. Kf2 Bb3 36. Ke3 c5 37. Bh3+ Ke7 38. Bxd7 Kxd7 39.
Kd3 Kd6 40. Kc3 Ba2 41. Kc2 Bc4 42. Kd2 Bb5 43. Ke3 h6 44. Kd2 c4 45. Kc3 Kc5
46. f5 Bd7 47. e3 h5 48. h4 Be8 49. e5 Kd5 50. e6 Ke5 51. e4 Bb5 52. Kb4 Kf6
53. a4 Bc6 54. e7 Kxe7 55. e5 Be4 56. f6+ Ke6 57. a5 Bd5 58. a6 Kxe5 59. Kc5 c3
60. a7 c2 0-1

[Event "27. ekipno prvenstvo RH zene"]
[Site "Biograd na Moru"]
[Date "2018.09.15"]
[Round "9.11"]
[White "Lakos, Nikoletta"]
[Black "Ivekovic, Ana"]
[Result "1/2-1/2"]
[WhiteElo "2258"]
[BlackElo "2118"]
[PlyCount "53"]
[EventDate "2018.09.08"]
[EventCountry "CRO"]
[WhiteTeam "ŠK "]
[BlackTeam "ŠD "]

1. e4 e5 2. Nf3 Nc6 3. Bc4 Bc5 4. c3 Nf6 5. d3 d6 6. Bb3 h6 7. Nbd2 O-O 8. Nf1
Be6 9. Ng3 d5 10. Qe2 Qe7 11. O-O dxe4 12. dxe4 a5 13. Nh4 Bxb3 14. axb3 Qe6
15. Qb5 Bb6 16. Nhf5 Rfd8 17. Be3 Ra6 18. Qc4 Qxc4 19. bxc4 Bxe3 20. Nxe3 Rd2
21. Rfb1 Rb6 22. Ra2 Rb3 23. Ngf1 Re2 24. Ng3 Rd2 25. Ngf1 Re2 26. Ng3 Rd2 27.
Ngf1 1/2-1/2

[Event "27. ekipno prvenstvo RH zene"]
[Site "Biograd na Moru"]
[Date "2018.09.15"]
[Round "9.23"]
[White "Cvitan, Ena"]
[Black "Bogdanic, Katarina"]
[Result "1/2-1/2"]
[WhiteElo "2009"]
[BlackElo "1921"]
[PlyCount "31"]
[EventDate "2018.09.08"]
[EventCountry "CRO"]
[WhiteTeam "ŠK "]
[BlackTeam "ŠK "]

1. d4 Nf6 2. Nf3 e6 3. Bf4 c5 4. e3 b6 5. Nbd2 Be7 6. h3 O-O 7. Bd3 cxd4 8.
exd4 Ba6 9. Bxa6 Nxa6 10. O-O Qc8 11. c3 Qb7 12. Nc4 b5 13. Ne3 Nc7 14. Bh2
Ncd5 15. Nc2 Rac8 16. Qe2 1/2-1/2

[Event "27. ekipno prvenstvo RH zene"]
[Site "Biograd na Moru"]
[Date "2018.09.15"]
[Round "9.31"]
[White "Krivec, Jana"]
[Black "Janzelj, Lara"]
[Result "1/2-1/2"]
[WhiteElo "2185"]
[BlackElo "2254"]
[PlyCount "61"]
[EventDate "2018.09.08"]
[EventCountry "CRO"]
[WhiteTeam "ŠK "]
[BlackTeam "ŠŠK "]

1. e4 e5 2. Nc3 Nf6 3. Bc4 Nxe4 4. Qh5 Nd6 5. Qxe5+ Qe7 6. Qxe7+ Bxe7 7. Bb3
Nf5 8. Nf3 c6 9. d4 d5 10. Ne2 O-O 11. O-O Nh4 12. Nxh4 Bxh4 13. Ng3 Be6 14. c3
Nd7 15. Bc2 Rfe8 16. Nf5 Bxf5 17. Bxf5 Nb6 18. b3 g6 19. Bd3 Re6 20. Bd2 Rae8
21. Rfe1 Rxe1+ 22. Rxe1 Rxe1+ 23. Bxe1 Bg5 24. Kf1 Kf8 25. Ke2 Ke7 26. f3 Bf4
27. g3 Bd6 28. c4 Bc7 29. h4 Ke6 30. g4 h5 31. Bf2 1/2-1/2

[Event "27. ekipno prvenstvo RH zene"]
[Site "Biograd na Moru"]
[Date "2018.09.15"]
[Round "9.41"]
[White "Rozman, Monika"]
[Black "Kejzar, Petra"]
[Result "1-0"]
[WhiteElo "2037"]
[BlackElo "2067"]
[PlyCount "79"]
[EventDate "2018.09.08"]
[EventCountry "CRO"]
[WhiteTeam "HAŠK "]
[BlackTeam "ŠK "]

1. e4 c5 2. Nf3 e6 3. d4 cxd4 4. Nxd4 Nc6 5. c4 Nf6 6. Nc3 Qc7 7. Be3 Bb4 8.
Ndb5 Qb8 9. a3 Be7 10. Be2 a6 11. Nd4 O-O 12. O-O d6 13. Rc1 Nd7 14. Kh1 Nxd4
15. Bxd4 b6 16. Re1 Bg5 17. Rc2 Nc5 18. Bf1 Nb3 19. Be3 Be7 20. Rce2 Nc5 21. b4
Nd7 22. Rd2 Qc7 23. Rc2 Bb7 24. Bc1 Rac8 25. Re3 Rfe8 26. f4 Bf6 27. Bb2 Nf8
28. Rd2 Be7 29. Rg3 Ng6 30. Qg4 Bf8 31. Rh3 d5 32. f5 exf5 33. Qxf5 Re5 34. Qf2
dxe4 35. Nd5 Bxd5 36. Bxe5 Nxe5 37. Rxd5 Nxc4 38. Qf5 g6 39. Qxe4 Nxa3 40. Rxa3
1-0

[Event "27. ekipno prvenstvo RH zene"]
[Site "Biograd na Moru"]
[Date "2018.09.15"]
[Round "9.42"]
[White "Sulc, Gordana"]
[Black "Blazeka, Mihaela"]
[Result "1-0"]
[WhiteElo "1866"]
[BlackElo "2048"]
[PlyCount "83"]
[EventDate "2018.09.08"]
[EventCountry "CRO"]
[WhiteTeam "ŠK "]
[BlackTeam "HAŠK "]

1. e4 e5 2. Nf3 Nc6 3. Bb5 a6 4. Ba4 Nf6 5. O-O Be7 6. Re1 b5 7. Bb3 d6 8. c3
O-O 9. h3 Nb8 10. d4 Nbd7 11. Nbd2 Bb7 12. Bc2 c5 13. b3 cxd4 14. cxd4 exd4 15.
Nxd4 Re8 16. Nf5 Bf8 17. Bb2 g6 18. Ng3 Bg7 19. Bd4 Rc8 20. Rc1 Nc5 21. b4 Ne6
22. Ba1 Qb6 23. Nb3 Re7 24. Qd2 Rd7 25. Kh2 Rcd8 26. f4 d5 27. Bxf6 Bxf6 28. e5
Bh4 29. Nc5 Nxc5 30. bxc5 Qc6 31. Qd4 Be7 32. Bd3 Rc7 33. f5 Bxc5 34. Qg4 Kh8
35. Rc2 Qe8 36. e6 Bd6 37. Rxc7 Bxc7 38. Re2 Bc8 39. Qd4+ Kg8 40. Qf6 Rd6 41.
Rc2 Bd8 42. exf7+ 1-0

[Event "27. ekipno prvenstvo RH zene"]
[Site "Biograd na Moru"]
[Date "2018.09.15"]
[Round "9.43"]
[White "Ljikar, Tamara"]
[Black "Mican, Karmela"]
[Result "1/2-1/2"]
[WhiteElo "1920"]
[BlackElo "1890"]
[PlyCount "49"]
[EventDate "2018.09.08"]
[EventCountry "CRO"]
[WhiteTeam "HAŠK "]
[BlackTeam "ŠK "]

1. e4 e5 2. Bc4 Nf6 3. d3 Bc5 4. Nf3 d6 5. c3 O-O 6. O-O Bg4 7. Re1 c6 8. Bb3
Qb6 9. Be3 Bxe3 10. Rxe3 a5 11. Nbd2 Nbd7 12. Nc4 Qc7 13. a4 d5 14. Ncd2 d4 15.
cxd4 exd4 16. Re1 c5 17. h3 Bh5 18. g4 Nxg4 19. hxg4 Bxg4 20. Qc1 Qf4 21. Nh2
Ne5 22. Bc4 Bh3 23. Ndf1 Qf6 24. Qd1 g6 25. Qd2 1/2-1/2

[Event "27. ekipno prvenstvo RH zene"]
[Site "Biograd na Moru"]
[Date "2018.09.15"]
[Round "9.44"]
[White "Lijic, Kristina"]
[Black "Blazeka, Ivana"]
[Result "1-0"]
[WhiteElo "1715"]
[BlackElo "1610"]
[PlyCount "67"]
[EventDate "2018.09.08"]
[EventCountry "CRO"]
[WhiteTeam "ŠK "]
[BlackTeam "HAŠK "]

1. c4 Nf6 2. Nc3 e6 3. Nf3 d5 4. cxd5 exd5 5. d4 Be7 6. Bf4 O-O 7. h3 Ne4 8.
Qb3 Nxc3 9. bxc3 c6 10. e3 Bd6 11. Ne5 Qc7 12. Be2 Nd7 13. Nxd7 Qxd7 14. Bg4 f5
15. Bxd6 Qxd6 16. Bf3 Rb8 17. O-O Bd7 18. Rab1 b6 19. Rfc1 Be6 20. Qa4 Qd7 21.
c4 Rfc8 22. cxd5 Bxd5 23. Bxd5+ Qxd5 24. Qxa7 b5 25. Rc5 Qe6 26. Re5 Qf6 27.
Rc1 g6 28. Qd7 Qd8 29. Qe6+ Kf8 30. Rxc6 Rxc6 31. Qxc6 b4 32. Rd5 Qe8 33. Rd7
Rc8 34. Qf6+ 1-0

[Event "27. ekipno prvenstvo RH zene"]
[Site "Biograd na Moru"]
[Date "2018.09.15"]
[Round "9.51"]
[White "Repkova, Eva"]
[Black "Videkovic, Marina"]
[Result "1-0"]
[WhiteElo "2288"]
[BlackElo "1833"]
[PlyCount "61"]
[EventDate "2018.09.08"]
[EventCountry "CRO"]
[WhiteTeam "ŠK "]
[BlackTeam "ŠK "]

1. e4 c5 2. Nf3 d6 3. Bc4 Nf6 4. d3 Nc6 5. O-O Bg4 6. c3 a6 7. Bb3 Ne5 8. Nxe5
dxe5 9. f3 Bd7 10. Be3 e6 11. Nd2 Bb5 12. Nc4 Bxc4 13. Bxc4 Be7 14. f4 exf4 15.
Bxf4 O-O 16. Qf3 Nd7 17. Qg3 Kh8 18. Rf3 Bh4 19. Qg4 f5 20. exf5 exf5 21. Qh5
g5 22. Rh3 Qe7 23. Rf1 Nf6 24. Bxg5 Nxh5 25. Bxe7 Bxe7 26. Rxh5 f4 27. Rf3 Kg7
28. Rfh3 Rh8 29. Bd5 Rab8 30. Rh6 Bg5 31. Rb6 1-0

[Event "27. ekipno prvenstvo RH zene"]
[Site "Biograd na Moru"]
[Date "2018.09.15"]
[Round "9.52"]
[White "Grgic, Neomi"]
[Black "Medic, Mirjana"]
[Result "1-0"]
[WhiteElo "1851"]
[BlackElo "2167"]
[PlyCount "87"]
[EventDate "2018.09.08"]
[EventCountry "CRO"]
[WhiteTeam "ŠK "]
[BlackTeam "ŠK "]

1. e4 e6 2. d4 d5 3. Nd2 Nf6 4. e5 Nfd7 5. Bd3 c5 6. c3 Nc6 7. Ne2 cxd4 8. cxd4
Nb6 9. O-O Be7 10. Nf3 Bd7 11. Nf4 g6 12. a3 a5 13. Qc2 a4 14. Nh3 Na5 15. Bh6
Nb3 16. Rad1 Rc8 17. Qe2 Nc4 18. Nfg5 Nxd4 19. Qg4 Nf5 20. Bxf5 exf5 21. Qh4
Be6 22. Bg7 Rg8 23. Qh6 Nxb2 24. Rb1 Rc2 25. Nxe6 fxe6 26. Qxh7 Kd7 27. Nf4 Qe8
28. Bf6 Rf8 29. Qxe7+ Qxe7 30. Bxe7 Kxe7 31. Nxg6+ Kf7 32. Nxf8 Kxf8 33. f4 b6
34. Rf2 Rxf2 35. Kxf2 Nc4 36. h3 Kf7 37. g4 fxg4 38. hxg4 Ke7 39. Ke2 Nxa3 40.
Rxb6 Nc4 41. Ra6 a3 42. Kd3 Nb2+ 43. Kd4 Nd1 44. f5 1-0

[Event "27. ekipno prvenstvo RH zene"]
[Site "Biograd na Moru"]
[Date "2018.09.15"]
[Round "9.53"]
[White "Roklicer, Heike"]
[Black "Raguz, Ivanka"]
[Result "1-0"]
[WhiteElo "2042"]
[BlackElo "1706"]
[PlyCount "73"]
[EventDate "2018.09.08"]
[EventCountry "CRO"]
[WhiteTeam "ŠK "]
[BlackTeam "ŠK "]

1. d4 Nf6 2. c4 e6 3. Nc3 Bb4 4. a3 Bxc3+ 5. bxc3 d5 6. e3 O-O 7. Bd3 b6 8. Ne2
c5 9. O-O Nc6 10. f3 Bb7 11. Bb2 Rc8 12. cxd5 exd5 13. e4 c4 14. Bc2 dxe4 15.
fxe4 Na5 16. Ng3 Nb3 17. Bxb3 cxb3 18. Re1 Re8 19. e5 Qd5 20. Qd2 Ng4 21. Ne4
Re6 22. h3 Nh6 23. Nd6 Rxd6 24. exd6 Qxd6 25. Qf2 a5 26. Re3 g6 27. Rae1 Kg7
28. Re7 Bd5 29. R7e5 b5 30. Bc1 Nf5 31. g4 Rxc3 32. gxf5 Rxh3 33. f6+ Qxf6 34.
Qxf6+ Kxf6 35. Rxd5 Rc3 36. Rxb5 a4 37. Rc5 1-0

[Event "27. ekipno prvenstvo RH zene"]
[Site "Biograd na Moru"]
[Date "2018.09.15"]
[Round "9.54"]
[White "Ivekovic, Zvjezdana"]
[Black "Smetisko, Marija"]
[Result "1/2-1/2"]
[WhiteElo "1703"]
[BlackElo "1900"]
[PlyCount "101"]
[EventDate "2018.09.08"]
[EventCountry "CRO"]
[WhiteTeam "ŠK "]
[BlackTeam "ŠK "]

1. d4 Nf6 2. c4 g6 3. Nf3 Bg7 4. e3 O-O 5. Be2 d5 6. cxd5 Nxd5 7. e4 Nb6 8. O-O
N8d7 9. Be3 c5 10. Nbd2 cxd4 11. Nxd4 Ne5 12. Rb1 Ng4 13. Bxg4 Bxd4 14. Bh6 Bg7
15. Bf4 Qd4 16. Be3 Qa4 17. a3 Rd8 18. Be2 Be6 19. f4 Bd4 20. Bf2 Qa5 21. Bxd4
Rxd4 22. Nb3 Rxd1 23. Nxa5 Rd2 24. Rf2 Ba2 25. Rc1 Rxb2 26. Nxb7 Rb1 27. Rxb1
Bxb1 28. Bf3 Rc8 29. Rb2 Bc2 30. Na5 Ba4 31. e5 Rc3 32. Ra2 Nc4 33. Bc6 Bxc6
34. Nxc6 Nxa3 35. Nxe7+ Kf8 36. Nd5 Rb3 37. Nf6 Kg7 38. Ne8+ Kf8 39. Nd6 Rc3
40. Ne4 Rb3 41. Ng5 h6 42. Ne4 Ke7 43. Nd6 Rc3 44. Kf2 a5 45. Ne4 Rb3 46. Nc5
Rc3 47. Ne4 Rb3 48. Nd2 Rc3 49. Ne4 Rb3 50. Nd2 Rc3 51. Ne4 1/2-1/2